El canon de leipzig /

Guardado en:
Autor Principal: Sagasti, Luis
Formato: Libro
Publicado: Buenos Aires : Simurg, 1999
Series:Cuadernos de Extramuros / dirigida por Sylvia Saítta
Materias:
Etiquetas: Agregar Etiqueta
Sin Etiquetas, Sea el primero en etiquetar este registro!
LEADER 00673nam a22002295a 4500
001 CEM.cems011865
005 20101213113948.0
008 130507s1999##################000#0#####d
003 CEMS
020 |a 9879243269 
082 0 4 |a A863.4 
100 1 |a Sagasti, Luis 
245 1 0 |a El canon de leipzig /  |c Luis Sagasti 
260 |a Buenos Aires :  |b Simurg,  |c 1999 
300 |a 157 p. 
490 0 |a Cuadernos de Extramuros / dirigida por Sylvia Saítta 
653 |a Literatura 
653 |a Literatura argentina-siglo 20 
653 |a Novela 
653 |a Novelas argentinas-siglo 20 
653 |a Autores bahienses 
859 |a CEMS  |b BIB. CEMS - 11 de abril  |h A863.4  |i Sa18  |p 22941.05  |t Ej.1